000 00459nam a2200145Ia 4500
008 230917s9999||||xx |||||||||||||| ||und||
040 _e171785
_aMAIN
041 _aEnglish
082 _a891.437731 SR86N
100 _aश्रीवास्तव, रमाशंकर
245 0 _aनमः प्रोफेसराय
260 _aदिल्ली
_bविक्रान्त प्रेस
_c1981
300 _a127 पृ. p.
942 _cHN
999 _c230536
_d230536